00294nam a22001217a 4500003000400000082001800004100001800022245004700040260004400087300000700131650001700138653001700155SGT a617.643bC21S aSharma, Ankit aA comparative evaluation of Periodontal... aGurugram, HaryanabSGT Universityc2021 a80 aOrthodontics aOrthodontics